000 00521nam a22001817a 4500
005 20251108164212.0
008 250721s2000 xx 000 0 ara d
082 1 4 _a005.1/مرد
100 1 _aمردود، إحسان
245 1 0 _aمدخل إلى نظام التشغيل /
264 1 _aدمشق :
_bدار الرضا،
_c2000.
300 _a338ص.
490 0 _aسلسلة الرضا للمعلومات
650 1 7 _aالحواسيب
650 1 7 _aبرامج الحواسيب
942 _2ddc
_cBK
999 _c6220
_d6220